• 首页
  • 本馆介绍
  • 公告通知
  • 最新文献
  • 馆藏检索
  • 电子资源
  • 读者导购
  • 参考咨询
  • 我的图书馆
  • 登录
  • 详细信息显示
  • 放入我的书架
  • 预约/预借图书
  • 作者相关作品
  • 分类相关作品
  • 丛书相关作品
  • 出版社相关作品

书目信息

  • 表格格式
  • 工作单格式
  • 卡片格式
题名:
随遇而安
    
 
作者: 孟非, 著
分册:  
出版信息: 北京   北京联合出版公司  2021.04
页数: 272页
开本: 24cm
丛书名:
单 册:
中图分类: K825.42=76
科图分类:
主题词: 电视节目--dian shi jie mu--节目主持人--自传--中国$z现代
电子资源:
ISBN: 978-7-5596-5185-3
000 01003nam0 2200277 450
001 CAL 0120217178626
005 20230217093113.0
010    @a978-7-5596-5185-3@dCNY58.00
100    @a20210622d2021 em y0chiy0120 ea
101 0  @achi
102    @aCN@b110000
105    @aa z 000ya
106    @ar
200 1  @a随遇而安@Asui yu er an@f孟非著
210    @a北京@c北京联合出版公司@d2021.04
215    @a272页@c图 (部分彩图)@d24cm
300    @a磨铁 典藏升级版 纪念版
314    @a孟非, 中国内地主持人。
330    @a本书是孟非先生唯一一本自传图书, 内容是孟非对过往四十年岁月的动情回顾、从容讲述。内容包括: 重庆·童年 ; 南京, 南京 ; 印厂生涯 ; 走进电视台 ; 难忘新疆 ; 希腊启迪: 民主与国民等。
600  0 @a孟非,@Ameng fei@f1971-@x自传
606 0  @a电视节目@Adian shi jie mu@x节目主持人@x自传@y中国$z现代
690    @aK825.42=76@v5
701  0 @a孟非,@Ameng fei@f1979-@4著
801  0 @aCN@bBJXHZP@c20230228
905    @b1388159-62@dK825.42=76@e1565@f4
998    @bbm004b-2021.08.18 09:50:20
    
    随遇而安/孟非著.-北京:北京联合出版公司,2021.04
    272页:图 (部分彩图);24cm
    磨铁 典藏升级版 纪念版
    
    ISBN 978-7-5596-5185-3:CNY58.00
    本书是孟非先生唯一一本自传图书, 内容是孟非对过往四十年岁月的动情回顾、从容讲述。内容包括: 重庆·童年 ; 南京, 南京 ; 印厂生涯 ; 走进电视台 ; 难忘新疆 ; 希腊启迪: 民主与国民等。
●
相关链接 在E读中查询图书 在五车中查询图书 在当当中查询图书 在豆瓣中查询图书


正题名:随遇而安     索取号:K825.42=76/1565         预约/预借

序号 登录号 条形码 馆藏地/架位号 状态 备注
1 1388159   213881593   第二样本阅览室/ [索取号:K825.42=76/1565] 在馆    
2 1388160   213881600   第二借阅区/ [索取号:K825.42=76/1565] 在馆    
3 1388161   213881619   第二借阅区/ [索取号:K825.42=76/1565] 在馆    
4 1388162   213881628   第二借阅区/ [索取号:K825.42=76/1565] 在馆    
唐山师范学院图书馆 欢迎您!
大连网信软件有限公司© 版权所有